| 000 | 00358nam a22001337a 4500 | ||
|---|---|---|---|
| 999 |
_c15437 _d15437 |
||
| 020 | _a9788189422233 | ||
| 082 |
_a621.3678 _bSIN/GE |
||
| 100 |
_aSingh , A K . _9361 |
||
| 245 | _aGeoinformatics applications in agriculture / | ||
| 260 |
_aNew delhi ; _bNew india publishing agency , _c2007. |
||
| 300 | _a340 ;. | ||
| 700 |
_aChopra ,U K . _93138 |
||
| 942 | _cBK | ||